ARRUPE JESUIT UNIVERSITY

CORONAVIRUS -STOP THE SPREAD - CLEAN,DISINFECT,COVER

The truth about the Congo; (Record no. 124081)

MARC details
000 -LEADER
fixed length control field 00837cam a2200277 4500
001 - CONTROL NUMBER
control field 2691268
003 - CONTROL NUMBER IDENTIFIER
control field ARRUPE
005 - DATE AND TIME OF LATEST TRANSACTION
control field 20160128152507.0
008 - FIXED-LENGTH DATA ELEMENTS--GENERAL INFORMATION
fixed length control field 700113r19691907nyua 000 0 eng
010 ## - LIBRARY OF CONGRESS CONTROL NUMBER
LC control number 75094487
020 ## - INTERNATIONAL STANDARD BOOK NUMBER
International Standard Book Number 0837123536
040 ## - CATALOGING SOURCE
Original cataloging agency DLC
Transcribing agency DLC
Modifying agency DLC
043 ## - GEOGRAPHIC AREA CODE
Geographic area code f-cg---
050 00 - LIBRARY OF CONGRESS CALL NUMBER
Classification number DT646
Item number .S7 1969
082 00 - DEWEY DECIMAL CLASSIFICATION NUMBER
Classification number 916.75/03/2
300 ## - PHYSICAL DESCRIPTION
Other physical details illus.
Dimensions 23 cm.
100 1# - MAIN ENTRY--PERSONAL NAME
Personal name Starr, Frederick,
Dates associated with a name 1858-1933.
9 (RLIN) 21928
245 14 - TITLE STATEMENT
Title The truth about the Congo;
Statement of responsibility, etc Frederick Starr
260 ## - PUBLICATION, DISTRIBUTION, ETC. (IMPRINT)
Place of publication, distribution, etc London,
Name of publisher, distributor, etc T. Werner Laurie
Date of publication, distribution, etc 1907
300 ## - PHYSICAL DESCRIPTION
Extent viii, 129 p.
500 ## - GENERAL NOTE
General note Reprint of the 1907 ed.
650 ## - SUBJECT ADDED ENTRY--TOPICAL TERM
Topical term or geographic name as entry element Congo Free State
General subdivision Politics
9 (RLIN) 21929
650 ## - SUBJECT ADDED ENTRY--TOPICAL TERM
Topical term or geographic name as entry element Belgium
General subdivision Administration
9 (RLIN) 21930
650 ## - SUBJECT ADDED ENTRY--TOPICAL TERM
Topical term or geographic name as entry element Congo Free State
General subdivision Description and travel
9 (RLIN) 21931
906 ## - LOCAL DATA ELEMENT F, LDF (RLIN)
a 7
b cbc
c orignew
d u
e ncip
f 19
g y-gencatlg
942 ## - ADDED ENTRY ELEMENTS (KOHA)
Source of classification or shelving scheme Library of Congress Classification
Koha item type SPC
Holdings
Withdrawn status Lost status Source of classification or shelving scheme Damaged status Not for loan Collection code Home library Current library Shelving location Date acquired Total Checkouts Full call number Barcode Date last seen Price effective from Koha item type
    Library of Congress Classification     SPECIAL Collection ARRUPE LIBRARY ARRUPE LIBRARY Reference 28/01/2016   SPC DT646 .S7 46500006174 28/01/2016 28/01/2016 SPC

 

Arrupe Library. PO Box MP320 Mt Pleasant, Harare, Zimbabwe
263 242 745411|librarian@aju.ac.zw